000 00742nam a22002171a 4500
005 20110718133135.0
008 091005s1995 001 0 eng d
020 _a9966405232 :
_c0.00
040 _aNEGST Library - Kenya
050 4 _aBS 325.M87 1995
082 0 _aBS 325.M87 1995
100 1 _aAlliance biblique du Tchad.
245 1 0 _aGalamba Wilira u Soolla.
260 _aN'Djamena :
_bAlliance Biblique du Tch,
_c1995.
300 _aiv, 665 p. : ill.
500 _a"Le Nouveau Testament et les Psaumes en langue moussey." - T.p. verso. [Africana]
600 1 0 _aBible. N.T. Musey. 1995.
600 1 0 _aBible. Psalms. Musey. 1995.
600 1 0 _aMusey language - Texts.
852 _94.00
999 _c39994
_d39994